ბათუმის შოთა რუსთაველის სახელმწიფო უნივერსიტეტის ბიბლიოთეკა

Essays on Georgian literature : overview / (ბიბ.ჩანაწერი № 60020)

000 -LEADER
fixed length control field 00819nam a22001937a 4500
005 - DATE AND TIME OF LATEST TRANSACTION
control field 20230530163952.0
008 - FIXED-LENGTH DATA ELEMENTS--GENERAL INFORMATION
fixed length control field 230530s2018en xxu||||| |||| 00| 0 eng d
020 ## - INTERNATIONAL STANDARD BOOK NUMBER
International Standard Book Number 9788301202811
041 ## - LANGUAGE CODE
Language code of text/sound track or separate title eng
Language code of original geo
080 ## - UNIVERSAL DECIMAL CLASSIFICATION NUMBER
Universal Decimal Classification number 821.353.1(09)"18/19" R-32
100 ## - MAIN ENTRY--PERSONAL NAME
Personal name Ratiani, Irma, ავტორი.
9 (RLIN) 18326
245 ## - TITLE STATEMENT
Title Essays on Georgian literature : overview /
Statement of responsibility, etc. Irma Ratiani ; editor Gaga Lomidze ; layout design Maka Tsomaia.
264 ## - PRODUCTION, PUBLICATION, DISTRIBUTION, MANUFACTURE, AND COPYRIGHT NOTICE
Place of production, publication, distribution, manufacture [Warszawa] :
Name of producer, publisher, distributor, manufacturer PWN,
Date of production, publication, distribution, manufacture, or copyright notice 2018.
300 ## - PHYSICAL DESCRIPTION
Extent 78 p. ;
Other physical details 21 cm.
653 ## - INDEX TERM--UNCONTROLLED
keyword ლიტერატურის ისტორია და კრიტიკა -- ქართული ლიტერატურა -- XIX-XX
700 ## - ADDED ENTRY--PERSONAL NAME
Personal name Lomidze, Gaga
Relator term რედაქტორი.
9 (RLIN) 18327
700 ## - ADDED ENTRY--PERSONAL NAME
Personal name Tsomaia, Maka,
Relator term დიზაინერი.
9 (RLIN) 18328
942 ## - ADDED ENTRY ELEMENTS (KOHA)
Source of classification or shelving scheme
Koha item type წიგნი
ეგზემპლარები
Withdrawn status Lost status Source of classification or shelving scheme Damaged status Not for loan Permanent Location Current Location Shelving location Date acquired Cost, normal purchase price Full call number Barcode Date last seen Copy number Price effective from Koha item type Public note
          ბათუმის შოთა რუსთაველის სახელმწიფო უნივერსიტეტის მთავარი ბიბლიოთეკა ბათუმის შოთა რუსთაველის სახელმწიფო უნივერსიტეტის მთავარი ბიბლიოთეკა წიგნსაცავი 2023-05-30 19.00 821.353.1(09) ''18/19'' R-32 29510 2023-05-30 29510 2023-05-30 წიგნი 19ლ.59თ.
          ბათუმის შოთა რუსთაველის სახელმწიფო უნივერსიტეტის მთავარი ბიბლიოთეკა ბათუმის შოთა რუსთაველის სახელმწიფო უნივერსიტეტის მთავარი ბიბლიოთეკა წიგნსაცავი 2023-05-30 19.00 821.353.1(09)''18/19'' R-32 29511 2023-05-30 29511 2023-05-30 წიგნი 19ლ.59თ.
          ბათუმის შოთა რუსთაველის სახელმწიფო უნივერსიტეტის მთავარი ბიბლიოთეკა ბათუმის შოთა რუსთაველის სახელმწიფო უნივერსიტეტის მთავარი ბიბლიოთეკა წიგნსაცავი 2023-05-30 19.00 821.353.1(09)''18/19'' R-32 29512 2023-05-30 29512 2023-05-30 წიგნი 19ლ.59თ.